000 00197nam a2200073Ia 4500
008 170817s9999 xx 000 0 und d
100 _aSrivastava.D.N
245 0 _aBhartiya Shiksha Ka Paridrisya
260 _bSahitya Prakashan. Agra
999 _c39874
_d39874